Código civil : comentado y con jurisprudencia / Xavier O'Callaghan comentado y con jurisprudencia / Xavier O'Callaghan
ISBN:
84-9725-153-9
Descripción Física:
2251 p. ; 25 cm
Otros Autores:
Espanya. Código Civil (1889)
MARC
| LEADER | 00000nam a2200000Ia 4500 | ||
|---|---|---|---|
| 001 | 19987 | ||
| 008 | 160829s2001 xx 000 0 cat d | ||
| 020 | |a 84-9725-153-9 | ||
| 080 | |a D-3-186 | ||
| 100 | |a O'Callaghan Muñoz, Xavier |9 44230 | ||
| 245 | |a Código civil : |b comentado y con jurisprudencia / Xavier O'Callaghan | ||
| 250 | |a 2a ed., 1a reimp. | ||
| 260 | |a Madrid : |b La Ley, |c 2001 | ||
| 300 | |a 2251 p. ; |c 25 cm | ||
| 650 | |a Jurisprudència civil |x Espanya |9 44231 | ||
| 650 | |a Dret civil |x Legislació |x Espanya |9 32533 | ||
| 700 | |a Espanya. Código Civil (1889) |9 44232 | ||
| 901 | |a Arxiu | ||
| 942 | |n 1 | ||
| 952 | |0 1 |1 0 |2 udc |4 0 |5 2 |6 D3186 |7 1 |9 51858 |a Arxiu |b Arxiu |d 2016-12-01 |l 0 |o D-3-186 |p 19987 |r 2016-12-01 00:00:00 |w 2016-12-01 |y ARXIU | ||
| 999 | |c 55704 |d 55704 | ||